Cereal Mascot Match Quiz Stats

Quiz Updated Apr 21, 2013

Also try: Cereal Mascots
Challenge
Share
Tweet
Score 0/18 Timer 03:00
0 Plays Today
% Correct
Snap, Crackle and Pop
97.1%
Lucky the Leprechaun
96.9%
Tony the Tiger
96.4%
[cereal name] Rabbit
95%
Toucan Sam
91.8%
BuzzBee
89.1%
CinnaMon & Bad Apple
85.7%
Cornelius Rooster
81.7%
Coco Monkey
80.3%
% Correct
Sonny the Cuckoo Bird
76%
Sunny the Sun
71.2%
Jean LaFoote & [cereal name]
70.9%
Chip the Wolf
70.6%
Little Mikey
70.5%
Dig 'Em Frog
70.3%
Crazy Craving & Bernard the Bee Boy
64.5%
Sugar Bear
59.8%
Chef Wendell
53.1%

You're not logged in!

Compare scores with friends on all Sporcle quizzes.
Sign Up with Email
OR
Log In

You Might Also Like...

Show Comments

Extras

Top Quizzes Today


Score Distribution

Your Account Isn't Verified!

In order to create a playlist on Sporcle, you need to verify the email address you used during registration. Go to your Sporcle Settings to finish the process.